01145 2200265 4500001002100000005001500021008004100036020001800077035002000095082000800115084001400123100002600137245003800163250000600201260003600207300002300243520051700266650001800783650002300801990001100824990001100835990001100846990001100857990001100868INLIS00000000000580620220314031437220314 g 0 ger  a979-8295-19-6 a0010-0721001065 a435 a435 SIM p1 aSimanjuntak, Herpinus1 aPercakapan Dan Tata Bahasa Jerman a2 aJakarta :bKesaint Blanc,c2004 a116 hlm. ;c21 cm. aPercakapan dan Tata Bahasa JermanBuku ini menjelaskan secara sederhana dan mudak penggunaan tata bahasa Jerman disertai dengan beberapa contoh dan latihan penggunaan yang praktis. Buku ini sangat mernbantu pernbaca dalam mempelajari tata bakasa jerman dalam waktu yang relatif singkat tanpa harus dibimbing oleh seorang guru. Disamping itu, karena dilengkapi dengan percakapan yang menunjang pemahaman tata bahasa tersebut, pembaca akan menemukan bahwa buku ini menunjang Penguasaan bahasa Jerman secara praktis. 4aBahasa Jerman 4aTata Bahasa Jerman a008133 a008134 a008135 a008136 a008137